000 00779cab a2200265 4500
001 ABS60562
008 090401t1999 xxu||||| |||| 00| 0 eng d
035 _a(Sirsi) u92917
041 _aeng
245 _aR v SoS Environment, Transport & the Regions ex parte West Sussex CC
260 _c1999
350 _a0
490 _aProperty, Planning and Compensation Reports
_v[1999] 77 P&CR 3, 263-280(18)
650 _aEXAMINATIONS IN PUBLIC
650 _aHOUSING PROVISION
650 _aNEW DWELLINGS
650 _aNEW HOMES
650 _aR V SOS ENVIRONMENT EX P WEST SUSSEX CC
650 _aREGIONAL PLANNING GUIDANCE NOTE 9
650 _aRPG9
650 _aSTRUCTURE PLANS
690 _aPLANNING LAW AND PRACTICE-CASE LAW
942 _n0
948 _c21/04/1999
999 _c58884
_d58884